3 yếu tố quyết định thành công trong cuộc sống.

Sách chủ yếu đề cập ba vấn đề: nghệ thuật ứng xử, học cách nói chuyện cuốn hút người nghe và để làm tốt công việc, giúp bạn thu được thành công trong sự nghiệp của mình.

Gorde:
Xehetasun bibliografikoak
Formatua: Liburua
Hizkuntza:Undetermined
Argitaratua: Hà Nội Nhà xuất bản Hà Nội 2006
Gaiak:
Etiketak: Etiketa erantsi
Etiketarik gabe, Izan zaitez lehena erregistro honi etiketa jartzen!
Thư viện lưu trữ: Trung tâm Học liệu Trường Đại học Cần Thơ
LEADER 00847nam a2200193Ia 4500
001 CTU_112731
008 210402s9999 xx 000 0 und d
020 |c 23000 
082 |a 646.7 
082 |b B100/T.2 
245 0 |a 3 yếu tố quyết định thành công trong cuộc sống. 
245 0 |c Phan Thanh Anh biên soạn 
260 |a Hà Nội 
260 |b Nhà xuất bản Hà Nội 
260 |c 2006 
520 |a Sách chủ yếu đề cập ba vấn đề: nghệ thuật ứng xử, học cách nói chuyện cuốn hút người nghe và để làm tốt công việc, giúp bạn thu được thành công trong sự nghiệp của mình. 
650 |a Conduct of life,Success 
904 |i Minh 
980 |a Trung tâm Học liệu Trường Đại học Cần Thơ